| 000 | 00968nam a2200265 a 4500 | ||
|---|---|---|---|
| 003 | DO-SdBNP | ||
| 005 | 20240315194915.0 | ||
| 007 | ta | ||
| 008 | 221118e2004 dr |||gr|||| 001 edspa d | ||
| 020 | _a9993476935 | ||
| 040 |
_aDO-SdBNP _bspa _cBNPHU |
||
| 082 | 4 |
_222 _a320.97293 _bM766g |
|
| 100 | 1 |
_aMontás, Juan Temístocles _d1950- _979676 |
|
| 245 | 1 | 3 |
_aLa gran estafa : _blo que estaba predicho / _cJuan Temístocles Montás. |
| 260 |
_aSanto Domingo : _bAlfa & omega, _c2004 |
||
| 300 |
_a451 p. ; _b24 cm. |
||
| 500 | _aIncluye datos biográficos del autor en la solapa de la cubierta. | ||
| 590 | _aInventariado 2022 / MF | ||
| 650 | 4 |
_aPresidentes _zRepública Dominicana _9599 |
|
| 651 | 4 |
_aRepública Dominicana _xPolítica y Gobierno _y2000-2004 _914609 |
|
| 651 | 4 |
_aRepública Dominicana _xCondiciones Económicas _y2000-2004 _914610 |
|
| 651 | 4 |
_aRepública Dominicana _xCondiciones Sociales _y2000-2004 _914611 |
|
| 910 | _aMFeliz | ||
| 942 |
_2ddc _cLBS1 |
||
| 999 |
_c52972 _d52972 |
||